| 000 | 01026nam a2200313 4500 | ||
|---|---|---|---|
| 001 | 000 | ||
| 005 | 20150818153604.0 | ||
| 007 | 000 | ||
| 008 | 000 | ||
| 010 | _a 84980716 | ||
| 020 | _a9976100248 | ||
| 040 |
_aUOEL _cDLC _dDLC |
||
| 041 | 0 | _aswaengfregerlat | |
| 043 | _af-tz--- | ||
| 050 | 0 | 0 |
_aREF QL9 _bM3 1982 |
| 082 | 0 | 0 |
_a591.9678 _219 |
| 100 | 1 | _aMaimu, Musa. | |
| 245 | 1 | 0 |
_aKamusi ya wanyama na nyoka wa Tanzania = _bA glossary of animals and snakes of Tanzania / _cMusa Maimu. |
| 260 |
_aDar es Salaam : _bTanzania Pub. House, _c[1982] |
||
| 300 |
_aviii, 131 p. : _bill. ; _c19 cm. |
||
| 500 | _aIn Swahili, with some English, French, German, and Latin. | ||
| 504 | _aBibliography: p. 128-131. | ||
| 650 | 0 |
_aZoology _zTanzania _xDictionaries _xPolyglot. |
|
| 650 | 0 |
_aSnakes _zTanzania _xDictionaries _xPolyglot. |
|
| 650 | 0 |
_aSwahili language _xDictionaries _xPolyglot. |
|
| 740 | 0 | _aGlossary of animals and snakes of Tanzania. | |
| 906 |
_a7 _bcbc _corignew _d4 _encip _f19 _gy-gencatlg |
||
| 942 |
_2lcc _cREF |
||
| 999 |
_c12111 _d12111 |
||